000 00443nam a2200157 i 4500
001 100910
003 ES-MaACL
005 20230906182802.0
007 t|
008 051006s1963 xxu ||||1| eng d
100 1 _aMattews, P. T.
_979124
245 1 0 _aIntroduction to quantum mechanics /
_cP. T. Mattews.
260 _aNew York :
_bMc Graw-Hill,
_c1963.
300 _aXII, 170 p. :
_bil. ;
_c23 cm.
852 _aES-MaACL
_jC-30746
_bR.70114
999 _c100910
_d100910